Normal view MARC view
  • Electronic security systems

Entry Topical Term

Number of records used in: 2

001 - CONTROL NUMBER

  • control field: 106400

003 - CONTROL NUMBER IDENTIFIER

  • control field: NUST

005 - DATE AND TIME OF LATEST TRANSACTION

  • control field: 20221229144116.0

008 - FIXED-LENGTH DATA ELEMENTS

  • fixed length control field: 221229|| aca||aabn | a|a d

040 ## - CATALOGING SOURCE

  • Original cataloging agency: NUST
  • Transcribing agency: NUST

150 ## - HEADING--TOPICAL TERM

  • Topical term or geographic name entry element: Electronic security systems

670 ## - SOURCE DATA FOUND

  • Source citation: Work cat.: (NUST)183400: Walker, Philip 106399, Electronic security systems :, 1988.
© 2023 Central Library, National University of Sciences and Technology. All Rights Reserved.